| 000 | 01072nam a2200325 a 4500 | ||
|---|---|---|---|
| 001 | 34820 | ||
| 003 | BD-RjUL | ||
| 005 | 20211209052221.0 | ||
| 008 | 140519s1982 enka b 000 0 eng | ||
| 020 | _a0803917708 | ||
| 020 | _a0803917716 (pbk.) | ||
| 035 | _a(BD-RjUL)34914 | ||
| 040 |
_aDLC _cDLC _dBD-RjUL _beng |
||
| 041 | _aeng | ||
| 082 | 0 | 0 |
_a306.8 _219 _bFAM 1982 |
| 245 | 1 | 0 |
_aFamily relationships : _brewards and costs / _cedited by F. Ivan Nye. |
| 260 |
_aBeverly Hills ; London. : _bSage Publications, _cc1982. |
||
| 300 |
_a264 p. : _bill. ; _c22 cm. |
||
| 490 | 1 |
_aSage focus editions ; _v46 |
|
| 504 | _aIncludes bibliographies. | ||
| 650 | 0 |
_aFamilies _xPhilosophy. _9105981 |
|
| 650 | 0 |
_aExchange theory (Sociology) _96335 |
|
| 650 | 0 |
_aSocial exchange. _96336 |
|
| 700 | 1 |
_aNye, F. Ivan _q(Francis Ivan), _d1918- _9105982 |
|
| 830 | 1 |
_aSage focus editions ; 46 _9105986 |
|
| 856 | 4 | 2 |
_3Publisher description _uhttp://www.loc.gov/catdir/enhancements/fy0660/81018515-d.html |
| 942 |
_2ddc _cBK |
||
| 999 |
_c34820 _d34820 |
||